Missing Word: Sports Teams at the Movies Quiz Stats

 Plays Quiz Updated Feb 10, 2013

Support Sporcle.
Go Orange.
Score 0/22 Timer 03:00
0 Plays Today
Movie Team % Correct
_______ of the CaribbeanPirates
95.3%
_______ of the Lost ArkRaiders
91%
_______ and DemonsAngels
88.5%
Where the _______ Things AreWild
85.1%
The _______ SpeechKings
83.1%
The Mighty _______Ducks
82.7%
_______ and AliensCowboys
80.4%
March of the _______Penguins
78.5%
The Girl Who Kicked the _______ NestHornets
74%
Swimming with _______Sharks
70.7%
The _______ AdvocateDevils
68.2%
Movie Team % Correct
Days of _______Thunder
66.9%
_______ MikeMagic
64.2%
Where _______ DareEagles
54.8%
Percy Jackson & The Olympians: The _______ ThiefLightning
52.7%
_______ for LambsLions
52%
Little _______Giants
44%
The _______ BrothersBlues
42.3%
Body _______Heat
38.6%
The _______ SingerJazz
34.6%
The Country _______Bears
33.7%
A Guide to Recognizing Your _______Saints
23.2%

Today's Daily Dose

You're not logged in!

Compare scores with friends on all Sporcle quizzes.
OR
Log In
Forgot?

From the Vault

UK Pub Quiz: Off to Scotland

by Woorsie

O ye'll tak' the high road, and I'll tak' the low road...
Remove Ads.
Support Sporcle.
Get the best of Sporcle when you Go Orange. This ad-free experience offers more features, more stats, and more fun while also helping to support Sporcle. Thank you for becoming a member.

Show Comments

Extras

Top Quizzes Today


Score Distribution

Your Account Isn't Verified!

In order to create a playlist on Sporcle, you need to verify the email address you used during registration. Go to your Sporcle Settings to finish the process.

Report this User

Report this user for behavior that violates our Community Guidelines.

Details: